• 首页
  • 本馆介绍
  • 公告通知
  • 最新文献
  • 馆藏检索
  • 电子资源
  • 读者导购
  • 参考咨询
  • 我的图书馆
  • 登录
  • 详细信息显示
  • 放入我的书架
  • 预约/预借图书
  • 作者相关作品
  • 分类相关作品
  • 丛书相关作品
  • 出版社相关作品

书目信息

  • 表格格式
  • 工作单格式
  • 卡片格式
题名:
川味家常菜
    
 
作者: 宋虎成 编
分册:  
出版信息: 西安   西安地图出版社  2005.01
页数: 242页
开本: 23cm
丛书名: 家庭生活系列丛书
单 册:
中图分类: TS972.182.71
科图分类:
主题词: 饮食业--供应技术
电子资源:
ISBN: 7-80670-795-6
000 00636nam0 2200217 450
001 0955679238
005 20091217154232.44
010    @a7-80670-795-6@dCNY26.80
100    @a20091217d2005 km y0chiy0120 ea
101 0  @achi
102    @aCN@b610000
200 1  @a川味家常菜@Achuan wei jia chang cai@f宋虎成等编@Fsong hu cheng deng bian
210    @a西安@c西安地图出版社@d2005.01
215    @a242页@d23cm
225 2  @a家庭生活系列丛书
410  0 @12001 @a家庭生活系列丛书
606 0  @a饮食业@x供应技术
690    @aTS972.182.71@v4
701  0 @a宋虎成@Asong hu cheng@4编
801  0 @aCN@bNISOFT@c20091217
905    @aBZT@dTS972.182.71@e5
    
    川味家常菜/宋虎成等编.-西安:西安地图出版社,2005.01
    242页;23cm.-(家庭生活系列丛书)
    
    
    ISBN 7-80670-795-6:CNY26.80
    
●
相关链接 在五车中查询图书 在当当中查询图书 在豆瓣中查询图书


正题名:川味家常菜     索取号:TS972.182.71/5         预约/预借

序号 登录号 条形码 馆藏地/架位号 状态 备注
1 728752   2000728752   样本书库/样004架B面2层1列/ [索取号:TS972.182.71/5] 在馆    
2 728753   2000728753   中心书库中库/ 中库024架A面6列4层25/ [索取号:TS972.182.71/5] 在馆    
3 728754   2000728754   中心书库中库/ 中库024架A面6列4层26/ [索取号:TS972.182.71/5] 在馆    
4 728755   2000728755   中心书库中库/ 中库024架A面6列4层24/ [索取号:TS972.182.71/5] 在馆    
5 728756   2000728756   中心书库中库/ 中库024架A面6列4层27/ [索取号:TS972.182.71/5] 在馆    
山东省滨州职业学院图书馆 欢迎您!
大连网信软件有限公司© 版权所有